Meridiano (Record no. 1454)

MARC details
000 -LEADER
campo de control de longitud fija 00735nas a2200241 i 4500
001 - NÚMERO DE CONTROL
campo de control 1454
003 - IDENTIFICADOR DE NÚMERO DE CONTROL
campo de control ES-MaACL
005 - FECHA Y HORA DE LA ÚLTIMA TRANSACCIÓN
campo de control 20251114150402.0
007 - CAMPO FIJO DE DESCRIPCIÓN FÍSICA--INFORMACIÓN GENERAL
campo de control de longitud fija t|
008 - DATOS DE LONGITUD FIJA--INFORMACIÓN GENERAL
campo de control de longitud fija 950801d19431971sp | | 1 ||pa d
022 ## - NÚMERO INTERNACIONAL NORMALIZADO PARA PUBLICACIONES SERIADAS
Número Internacional Normalizado para Publicaciones Seriadas 0026-0037
080 ## - NÚMERO DE LA CLASIFICACIÓN DECIMAL UNIVERSAL
Número de la Clasificación Decimal Universal (051)
245 00 - MENCIÓN DEL TÍTULO
Título Meridiano
Resto del título : síntesis de la prensa mundial /
Mención de responsabilidad, etc. dir. Manuel Jiménez Quilez.
260 ## - PUBLICACIÓN, DISTRIBUCIÓN, ETC.
Lugar de publicación, distribución, etc. Madrid :
Nombre del editor, distribuidor, etc. Editorial Católica,
Fecha de publicación, distribución, etc. 1943-1971.
300 ## - DESCRIPCIÓN FÍSICA
Extensión 28 v. ;
Dimensiones 20 cm.
310 ## - PERIODICIDAD ACTUAL
Periodicidad actual Mensual
362 0# - FECHAS DE PUBLICACIÓN Y/O DESIGNACIÓN SECUENCIAL
Fecha de publicación y/o designación secuencial Año I (ene. 1943)--n. 341 (mayo 1971)
650 14 - PUNTO DE ACCESO ADICIONAL DE MATERIA--TÉRMINO DE MATERIA
Término de materia o nombre geográfico como elemento de entrada Revistas de información general.
9 (RLIN) 16896
700 1# - ENTRADA AGREGADA--NOMBRE PERSONAL
Nombre de persona Jiménez Quílez, Manuel,
Fechas asociadas al nombre 1915-2001
9 (RLIN) 66595
852 ## - LOCALIZACIÓN
Ubicación ES-MaACL
Número de control de estantería Hem-946
866 #0 - MENCIÓN TEXTUAL DE FONDOS--UNIDAD BIBLIOGRÁFICA BÁSICA
Fondos 1943-58(1959f.n.197)1960(1961).
Holdings
Estatus retirado Estado de pérdida Estado de daño No para préstamo Colección Biblioteca de origen Biblioteca actual Ubicación en estantería Fecha de adquisición Fuente de adquisición Total de préstamos Signatura topográfica completa Código de barras Visto por última vez Precio de reemplazo Tipo de ítem Koha
        Periódicos y Revistas Biblioteca del Ateneo de Madrid Biblioteca del Ateneo de Madrid Depósito 1 17/01/2008     Hem-946 1001483 23/02/2023 23/02/2023 Revista